| 000 | 00856nam a2200217 i 4500 | ||
|---|---|---|---|
| 001 | 64325 | ||
| 003 | ES-MaACL | ||
| 005 | 20260219165328.0 | ||
| 007 | t| | ||
| 008 | 031223s1949 sp ||||1| spa d | ||
| 100 | 1 |
_aFlores Morales, Angel. _951292 |
|
| 245 | 1 | 0 |
_aÁfrica a través del pensamiento español : _b(de Isabel la Católica a Franco) / _cÁngel Flores Morales ; prólogo de José Díaz de Villegas. |
| 260 |
_aMadrid : _bConsejo Superior de Investigaciones Científicas, Instituto de Estudios Africanos, _c1949 ( _fAres) |
||
| 300 |
_a235 p., [12] h. de lám. : _bil. ; _c24 cm. |
||
| 651 | 7 |
_aEspaña- _xColonias- _zÁfrica _2 _9172189 |
|
| 700 | 1 |
_aDíaz de Villegas, José, _d1894-1968 _944253 |
|
| 710 | 2 |
_aInstituto de Estudios Africanos. _94881 |
|
| 852 |
_aES-MaACL _jA-181 |
||
| 852 |
_aES-MaACL _jD-7308 |
||
| 999 |
_c64325 _d64325 |
||